Subnational Flags 1 - Statistics

General Stats
  • This quiz has been taken 283 times
  • The average score is 9 of 15
Answer Stats
Picture Hint Answer % Correct
United Kingdom England
99%
Canada Quebec
92%
Germany Bavaria
81%
United States Arizona
79%
United States Tennessee
69%
France Brittany
65%
India/Pakistan Jammu and Kashmir
63%
United States South Carolina
63%
Belgium Wallonia
63%
Brazil Sao Paulo
58%
Egypt Cairo
52%
Italy Lombardy
43%
Spain Castile and Leon
40%
Japan Kyoto
34%
Mexico Tamaulipas
10%
No matching quizzes found
Score Distribution
Percent of People with Each Score
Percentile by Number Answered
Your Score History
You have not taken this quiz